00622nam a2200193 i 4500001000300000100001600003245009600019260004400115020001500159040000800174041000800182080000800190920001800198942000700216008004100223999001700264856009800281952004900379bg1 aWHITE, R.E. 0aAn introduction to the finite element method with applications tononlinear... /cR.E.White. aNew York :bJohn Wiley and Sons,c1985. a0471809098 cBPK apol a624 a0-471-80909-8 cKS s pl f |000 0 pol  c29123d29123 uhttp://koha.tu.koszalin.pl/cgi-bin/koha/opac-detail.pl?biblionumber=29123yKatalog online BPK 00104070aBPKbBPKcwo35181p01174786yKS